| 000 | 00973cam a2200289 a 4500 | ||
|---|---|---|---|
| 001 | 2908 | ||
| 005 | 20240123102630.0 | ||
| 020 | _a9780448413259 | ||
| 040 |
_aDLC _cDLC _dDLC _beng |
||
| 050 | 0 | 0 |
_aDT62.M7 _b 1996 |
| 082 | 0 | 0 | _a932 |
| 100 | 1 | _aMilton, Joyce | |
| 245 | 1 | 0 |
_aMummies / _cby Joyce Milton ; illustrated by Susan Swan. |
| 250 | _aFirst published in 1996 | ||
| 260 |
_aNew York : _bPenguins Group, _c1996 |
||
| 300 |
_a48 pages : _bcolor illustrations ; _c24 cm. |
||
| 490 |
_aPenguin young readers _vBook 3 |
||
| 505 | _aN | ||
| 520 | _aExplains the Egyptian pharaohs' beliefs about life after death, details the technique of mummification, and describes pyramids as burial places. | ||
| 521 |
_a530
_bLexile |
||
| 521 |
_aN
_bRaz-Plus |
||
| 650 | 0 |
_aMummies _zEgypt _vJuvenile literature. |
|
| 650 | 1 | _aMummies. | |
| 700 | 1 |
_aSwan, Susan _d1944- _eillustrator |
|
| 906 |
_a7 _bcbc _corignew _d1 _eocip _f19 _gy-gencatlg |
||
| 942 |
_2ddc _cBK _n0 |
||
| 999 |
_c2908 _d2908 |
||